Т. 4: Доклады, заслушанные в угольной и в горно-механической секциях; Труды первого Всесоюзного горного научно-технического съезда, Москва 14-27 апреля 1926 г.

Dettagli Bibliografici
Parent link:Труды первого Всесоюзного горного научно-технического съезда, Москва 14-27 апреля 1926 г./ СССР, Высший совет народного хозяйства (ВСНХ), Научно-техническое управление, Комиссия по изданию трудов первого Всесоюзного горного научно-технического съезда и горной научно-технической литературы ;; под ред. Е. Е. Гендлера. Т. 4: Доклады, заслушанные в угольной и в горно-механической секциях.— , 1927-1928
Lingua:russo
Pubblicazione: 1928
Soggetti:
Natura: MixedMaterials Libro
KOHA link:https://koha.lib.tpu.ru/cgi-bin/koha/opac-detail.pl?biblionumber=177064

MARC

LEADER 00000nam2a2200000 4500
001 177064
005 20231101223319.0
035 |a (RuTPU)RU\TPU\book\191970 
090 |a 177064 
100 |a 20100311d1928 k y0rusy50 ca 
101 0 |a rus 
102 |a RU 
105 |a a z 101zy 
200 0 |a Т. 4: Доклады, заслушанные в угольной и в горно-механической секциях 
210 |d 1928 
215 |a 381 с.  |c ил. 
461 1 |0 (RuTPU)RU\TPU\book\190956  |t Труды первого Всесоюзного горного научно-технического съезда, Москва 14-27 апреля 1926 г.  |f СССР, Высший совет народного хозяйства (ВСНХ), Научно-техническое управление, Комиссия по изданию трудов первого Всесоюзного горного научно-технического съезда и горной научно-технической литературы ;; под ред. Е. Е. Гендлера  |v Т. 4: Доклады, заслушанные в угольной и в горно-механической секциях  |d 1927-1928 
600 1 |a Бокий  |b Б. И.  |c российский ученый в области горного дела  |c профессор Петербургского горного института (1895)  |f 1873-1927  |g Борис Иванович  |2 stltpush  |3 (RuTPU)RU\TPU\pers\23601  |9 10298 
610 1 |a горное дело 
610 1 |a каменноугольные месторождения 
610 1 |a разработка 
610 1 |a угольные шахты 
610 1 |a горные съезды 
610 1 |a горные породы 
610 1 |a Кузнецкий бассейн 
610 1 |a конференции 
801 1 |a RU  |b 63413507  |c 20100311 
801 2 |a RU  |b 63413507  |c 20110926  |g RCR 
942 |c BK